Les vainqueurs de la Coupe UEFA puis de la Ligue Europa depuis 1972 - Statistiques

Statistiques générales
  • Ce quiz a été pris 277 fois
  • Le résultat moyen est 29 sur 45
Statistiques - réponses
Année Vainqueur % Correct
2006 Sevilla FC
95%
2007 Sevilla FC
95%
2014 Sevilla FC
95%
2015 Sevilla FC
95%
2016 Sevilla FC
95%
2013 Chelsea FC
84%
2003 FC Porto
84%
2011 FC Porto
84%
1973 Liverpool FC
83%
1976 Liverpool FC
83%
2001 Liverpool FC
83%
1977 Juventus FC
82%
1990 Juventus FC
82%
1993 Juventus FC
82%
1991 FC Internazionale Milano
81%
1994 FC Internazionale Milano
81%
1998 FC Internazionale Milano
81%
1996 FC Bayern München
80%
2010 Club Atlético de Madrid
75%
2012 Club Atlético de Madrid
75%
1985 Real Madrid CF
75%
1986 Real Madrid CF
75%
1992 AFC Ajax
73%
2004 València CF
70%
1978 PSV Eindhoven
68%
2008 FK Zenit Sankt-Peterburg
59%
1989 SSC Napoli
58%
2005 FK CSKA Moskva
57%
1974 Feyenoord Rotterdam
55%
2002 Feyenoord Rotterdam
55%
1972 Tottenham Hotspur
55%
1984 Tottenham Hotspur
55%
1995 Parma AC
54%
1999 Parma AC
54%
2000 Galatasaray SK
52%
1983 RSC Anderlecht
52%
2009 FK Chakhtar Donetsk
44%
1988 TSV Bayer 04 Leverkusen
40%
1975 Borussia Mönchengladbach
30%
1979 Borussia Mönchengladbach
30%
1980 Eintracht Frankfurt
26%
1982 IFK Göteborg
26%
1987 IFK Göteborg
26%
1997 FC Schalke 04
24%
1981 Ipswich Town
14%
Aucun quiz correspondant
Distribution des résultats
% des personnes avec chaque résultat
Percentile par nombre de réponses
Votre historique - résultats
Vous n’avez pas pris ce quiz